Essential organic chemistry / (Record no. 2347)

MARC details
000 -LEADER
fixed length control field 01065nac a22003011i 4500
003 - CONTROL NUMBER IDENTIFIER
control field EG-ScBUE
005 - DATE AND TIME OF LATEST TRANSACTION
control field 20251209093357.0
008 - FIXED-LENGTH DATA ELEMENTS--GENERAL INFORMATION
fixed length control field 250817t2006 njua f bd 001 0 eng d
020 ## - INTERNATIONAL STANDARD BOOK NUMBER
International Standard Book Number 0131984837
020 ## - INTERNATIONAL STANDARD BOOK NUMBER
International Standard Book Number 9780131984837
040 ## - CATALOGING SOURCE
Original cataloging agency EG-ScBUE
Language of cataloging eng
Description conventions rda
Transcribing agency EG-ScBUE
Modifying agency EG-ScBUE
082 04 - DEWEY DECIMAL CLASSIFICATION NUMBER
Classification number 547
Item number BRU
Edition number 22
100 1# - MAIN ENTRY--PERSONAL NAME
Personal name Bruice, Paula Yurkanis,
Dates associated with a name 1941-
Relator term author.
245 10 - TITLE STATEMENT
Title Essential organic chemistry /
Statement of responsibility, etc Paula Yurkanis Bruice, University of California, Santa Barbara.
250 ## - EDITION STATEMENT
Edition statement Pearson international edition.
264 #1 - PUBLICATION, DISTRIBUTION, ETC. (IMPRINT)
Place of publication, distribution, etc Upper Saddle River, New Jersey :
Name of publisher, distributor, etc Pearson Education International,
Date of publication, distribution, etc [2006]
264 #4 - PUBLICATION, DISTRIBUTION, ETC. (IMPRINT)
Date of publication, distribution, etc c2006
300 ## - PHYSICAL DESCRIPTION
Extent 1 volume (various pagings) :
Other physical details color illustrations ;
Dimensions 24 cm
336 ## - CONTENT TYPE
Source rdacontent
Content type term text
Content type code txt
337 ## - MEDIA TYPE
Media type term unmediated
Source rdamedia
Media type code n
338 ## - CARRIER TYPE
Carrier type term volume
Carrier type code nc
Source rdacarrier
500 ## - GENERAL NOTE
General note Includes glossary.<br/>
500 ## - GENERAL NOTE
General note Includes Appendices.<br/>
504 ## - BIBLIOGRAPHY, ETC. NOTE
Bibliography, etc Includes bibliographical references and index.<br/>
650 #7 - SUBJECT ADDED ENTRY--TOPICAL TERM
Topical term or geographic name as entry element Chemistry, Organic
Form subdivision Textbooks.
Source of heading or term BUEsh
655 ## - INDEX TERM--GENRE/FORM
Form subdivision Reading book
942 ## - ADDED ENTRY ELEMENTS (KOHA)
Koha item type Book - Borrowing
Source of classification or shelving scheme Dewey Decimal Classification
Holdings
Withdrawn status Lost status Source of classification or shelving scheme Materials specified (bound volume or other part) Damaged status Not for loan Collection code Home library Current library Shelving location Date acquired Source of acquisition Total Checkouts Total Renewals Full call number Barcode Date last seen Date checked out Koha item type Cost, replacement price
    Dewey Decimal Classification     Baccah Central Library Central Library First floor 18/02/2007 Purchase 4 28 547 BRU 000002036 15/07/2025 07/08/2017 Book - Borrowing  
    Dewey Decimal Classification     Baccah Central Library Central Library First floor 18/02/2007 Purchase 6 65 547 BRU 000010774 15/07/2025 19/11/2024 Book - Borrowing 232.00